000 00840nam a2200217 a 4500
001 001137691
003 AM-YeHGA
005 20250618074519.0
008 080530s2016 ai | |||||||||||||arm|d
020 _a9789939603469
040 _aAM-YeHGA
041 0 _aarm
100 1 _aՍուքիասյան, Ալեքսանդր
245 1 0 _aԴաստակերտ :
_b[Բանաստեղծություններ, հուշեր] /
_cԱ. Սուքիասյան ; Խմբ. և առաջաբ.՝ Յ.Ա. Սահակյան.
260 _aԵրևան :
_bՎՄՎ-Պրինտ,
_c2016.
300 _a76 էջ :
_b1 էջ դիմանկ. ;
_c21 սմ.
650 1 4 _aՀայ պոեզիա
650 1 4 _aՀայ հուշագրություն
_95766
700 1 _aԱրտավազդ, Յուրի,
_g(Յուրի Արտավազդի Սահակյան),
_d1934-
_eխմբ.
_4edt
090 _c366873
999 _c365013
_d365013